000 00531pam a2200157 a 4500
020 _a0787619280 (v. l : alk. paper)
020 _a0787619299 (v. 2 : alk. paper)
050 0 0 _aQ173
_b.B89 1998
100 1 _aBruno, Leonard C.
245 1 0 _aScience and technology breakthroughs :
_bfrom the wheel to the World Wide Web /
_cLeonard C. Bruno.
260 _aDetroit, Mich. [USA] :
_bU.X.L.,
_cc1998.
300 _a2 v. (xxxv, 504 p.) :
500 _aIncludes index.
650 _xScience ;
_xTechnology ;
_xInventions.
942 _2lcc
_cGEN
999 _c8588
_d8588